[Event "Niederrhein-ch "]
[Site "Krefeld"]
[Date "2012.04.01"]
[Round "2"]
[White "Westermann, Johannes"]
[Black "Visser, Dirk"]
[Result "1/2-1/2"]
[WhiteElo "2131"]
[BlackElo "2047"]
[PlyCount "34"]
[EventDate "2012.03.31"]
[EventType "swiss"]
[EventRounds "7"]
[EventCountry "GER"]
[SourceTitle "EXT 2014"]
[Source "ChessBase"]
[SourceDate "2013.11.20"]
[SourceVersion "1"]
[SourceVersionDate "2013.11.20"]
[SourceQuality "1"]

1. d4 Nf6 2. c4 g6 3. Nc3 Bg7 4. g3 0-0 5. Bg2 d6 6. Nf3 Nc6 7. d5 Na5 8. Nd2 c5 9. 0-0 a6 10. Rb1 Rb8 11. Qc2 b5 12. b3 Bd7 13. Bb2 bxc4 14. bxc4 Bh6 15. e3 e6 16. Rfd1 e5 17. f4 Bf5 1/2-1/2

[Event "SBDU-ch"]
[Site "Duisburg"]
[Date "2011.12.02"]
[Round "7"]
[White "Visser, Dirk"]
[Black "Waschkewitz, Stefan"]
[Result "1-0"]
[WhiteElo "2015"]
[BlackElo "1789"]
[PlyCount "53"]
[EventDate "2011.09.09"]
[EventType "swiss"]
[EventRounds "7"]
[EventCountry "GER"]
[SourceTitle "EXT 2015"]
[Source "ChessBase"]
[SourceDate "2014.11.20"]
[SourceVersion "1"]
[SourceVersionDate "2014.11.20"]
[SourceQuality "1"]

1. c4 g6 2. g3 Bg7 3. Bg2 d6 4. Nc3 Nf6 5. Nf3 0-0 6. 0-0 e5 7. d4 Nc6 8. d5 Ne7 9. e4 Ne8 10. Ne1 f5 11. Nd3 Nf6 12. Bg5 Kh8 13. Rc1 h6 14. Bxf6 Rxf6 15. f4 Rf7 16. fxe5 dxe5 17. Qe2 g5 18. exf5 Bxf5 19. Nxe5 Rf8 20. Rce1 Qd6 21. Kh1 Rae8 22. g4 Bh7 23. Nf7+ Rxf7 24. Rxf7 Bf6 25. Qe6 Qxe6 26. Rxe6 Bxc3 27. bxc3 1-0

[Event "SBDU-ch"]
[Site "Duisburg"]
[Date "2011.10.21"]
[Round "4"]
[White "Visser, Dirk"]
[Black "Leers Fischer, Hans"]
[Result "1/2-1/2"]
[WhiteElo "2015"]
[BlackElo "1876"]
[PlyCount "42"]
[EventDate "2011.09.09"]
[EventType "swiss"]
[EventRounds "7"]
[EventCountry "GER"]
[SourceTitle "EXT 2015"]
[Source "ChessBase"]
[SourceDate "2014.11.20"]
[SourceVersion "1"]
[SourceVersionDate "2014.11.20"]
[SourceQuality "1"]

1. c4 Nf6 2. Nf3 e6 3. g3 d5 4. Bg2 Be7 5. 0-0 0-0 6. b3 c6 7. Bb2 Nbd7 8. d3 b6 9. Nbd2 Bb7 10. e3 Rc8 11. Qe2 Qc7 12. e4 dxe4 13. Nxe4 c5 14. Rfe1 Nxe4 15. dxe4 Rfd8 16. Rad1 Bf6 17. Bxf6 Nxf6 18. Nh4 Rxd1 19. Rxd1 Rd8 20. e5 Rxd1+ 21. Qxd1 Ne8 1/2-1/2

[Event "SBDU-ch"]
[Site "Duisburg"]
[Date "2011.10.07"]
[Round "3"]
[White "Halfmann, Peter"]
[Black "Visser, Dirk"]
[Result "0-1"]
[WhiteElo "1783"]
[BlackElo "2015"]
[PlyCount "76"]
[EventDate "2011.09.09"]
[EventType "swiss"]
[EventRounds "7"]
[EventCountry "GER"]
[SourceTitle "EXT 2015"]
[Source "ChessBase"]
[SourceDate "2014.11.20"]
[SourceVersion "1"]
[SourceVersionDate "2014.11.20"]
[SourceQuality "1"]

1. d4 g6 2. e4 Bg7 3. f4 d6 4. Nc3 Nf6 5. Nf3 0-0 6. Bd3 Na6 7. Be3 c5 8. d5 Nc7 9. Qd2 b5 10. e5 b4 11. exf6 bxc3 12. bxc3 Bxf6 13. Rb1 Nxd5 14. 0-0 Bxc3 15. Qf2 Bg4 16. Be4 e6 17. Bxd5 exd5 18. Ng5 h6 19. Qh4 hxg5 20. Qxg4 gxf4 21. Bxf4 Be5 22. Bh6 Bg7 23. Bg5 Qc7 24. Rb3 Rae8 25. Rfb1 Re4 26. Qf3 Qa5 27. h4 Bd4+ 28. Kh2 Be5+ 29. Kh3 Qxa2 30. Bh6 Bg7 31. Bxg7 Kxg7 32. Qd1 Qa4 33. g3 Qd7+ 34. g4 Rfe8 35. Rb7 Re3+ 36. Kg2 Re2+ 37. Kf1 Qe6 38. g5 Qf5+ 0-1

[Event "Duisburg SBDU-ch"]
[Site "Duisburg Rheinhausen"]
[Date "2010.10.29"]
[Round "4"]
[White "Visser, Dirk"]
[Black "Plueckelmann, Thomas"]
[Result "1-0"]
[WhiteElo "2017"]
[BlackElo "1681"]
[PlyCount "23"]
[EventDate "2010.09.17"]
[EventType "swiss"]
[EventRounds "7"]
[EventCountry "GER"]
[SourceTitle "EXT 2018"]
[Source "ChessBase"]
[SourceDate "2017.10.13"]
[SourceVersion "1"]
[SourceVersionDate "2017.10.13"]
[SourceQuality "1"]

1. c4 c5 2. Nf3 Nf6 3. Nc3 g6 4. d4 cxd4 5. Nxd4 b6 6. e4 d6 7. Be2 Bb7 8. Bf3 Nbd7 9. Qa4 Qc8 10. Nd5 Bg7 11. Be3 0-0 12. Nxe7+ 1-0

[Event "Duisburg SBDU-ch"]
[Site "Duisburg Wohndorf Laar"]
[Date "2009.11.19"]
[Round "6"]
[White "Visser, Dirk"]
[Black "Plueckelmann, Thomas"]
[Result "1/2-1/2"]
[WhiteElo "2006"]
[BlackElo "1699"]
[PlyCount "46"]
[EventDate "2009.09.11"]
[EventType "swiss"]
[EventRounds "7"]
[EventCountry "GER"]
[SourceTitle "EXT 2018"]
[Source "ChessBase"]
[SourceDate "2017.10.13"]
[SourceVersion "1"]
[SourceVersionDate "2017.10.13"]
[SourceQuality "1"]

1. c4 Nf6 2. Nf3 e6 3. d4 d5 4. Nc3 b6 5. g3 Bb7 6. Bg2 Be7 7. Ne5 0-0 8. Qa4 c5 9. dxc5 bxc5 10. 0-0 Qb6 11. cxd5 Nxd5 12. Ne4 Qb4 13. Qc2 Na6 14. Nc4 Rfd8 15. a3 Qb5 16. Bd2 Rd7 17. a4 Nab4 18. Qb3 Qa6 19. Rfd1 Rad8 20. Ne5 Rc7 21. Nc4 Rcd7 22. Ne5 Rc7 23. Nc4 Rcd7 1/2-1/2

[Event "Rheinhausen-ch 13th"]
[Site "Duisburg Rheinhausen"]
[Date "2009.03.13"]
[Round "6"]
[White "Visser, Dirk"]
[Black "Ritter, Uwe"]
[Result "0-1"]
[WhiteElo "2055"]
[BlackElo "1930"]
[PlyCount "48"]
[EventDate "2009.01.09"]
[EventType "swiss"]
[EventRounds "7"]
[EventCountry "GER"]
[SourceTitle "EXT 2018"]
[Source "ChessBase"]
[SourceDate "2017.10.13"]
[SourceVersion "1"]
[SourceVersionDate "2017.10.13"]
[SourceQuality "1"]

1. c4 Nf6 2. Nf3 c5 3. Nc3 Nc6 4. e3 d5 5. cxd5 Nxd5 6. Bc4 e6 7. 0-0 Be7 8. d4 cxd4 9. exd4 0-0 10. a3 b6 11. Re1 Bb7 12. Nxd5 exd5 13. Bd3 Bf6 14. Be3 Na5 15. Ne5 Rc8 16. Bf5 Rc7 17. Bf4 Re7 18. b3 Rfe8 19. Re3 Bc8 20. Bd3 g6 21. Bb5 Bxe5 22. dxe5 Bd7 23. Qxd5 Bxb5 24. Qxb5 Qd4 0-1

[Event "Rheinhausen-ch 13th"]
[Site "Duisburg Rheinhausen"]
[Date "2009.01.09"]
[Round "1"]
[White "Sapmaz, Gueney Alp"]
[Black "Visser, Dirk"]
[Result "0-1"]
[WhiteElo "1559"]
[BlackElo "2055"]
[PlyCount "50"]
[EventDate "2009.01.09"]
[EventType "swiss"]
[EventRounds "7"]
[EventCountry "GER"]
[SourceTitle "EXT 2018"]
[Source "ChessBase"]
[SourceDate "2017.10.13"]
[SourceVersion "1"]
[SourceVersionDate "2017.10.13"]
[SourceQuality "1"]

1. e4 d6 2. d4 Nf6 3. Nc3 g6 4. Bc4 Bg7 5. Nf3 0-0 6. 0-0 Bg4 7. h3 Bxf3 8. Qxf3 Nc6 9. Be3 e5 10. Rad1 Nd7 11. Ne2 exd4 12. Nxd4 Nce5 13. Qe2 Nb6 14. b3 Nexc4 15. bxc4 Na4 16. Rd2 Qe7 17. f3 Rfe8 18. Qd3 Nc5 19. Qa3 f5 20. Re2 fxe4 21. f4 Qf7 22. Qb4 a5 23. Qc3 Nd7 24. Qb3 a4 25. Qb5 Nb6 0-1

[Event "Rheinhausen-ch 12th"]
[Site "Duisburg Rheinhausen"]
[Date "2008.01.18"]
[Round "2"]
[White "Visser, Dirk"]
[Black "Reisloh, Carsten"]
[Result "1-0"]
[WhiteElo "1992"]
[BlackElo "1747"]
[PlyCount "85"]
[EventDate "2008.01.11"]
[EventType "swiss"]
[EventRounds "7"]
[EventCountry "GER"]
[SourceTitle "EXT 2018"]
[Source "ChessBase"]
[SourceDate "2017.10.13"]
[SourceVersion "1"]
[SourceVersionDate "2017.10.13"]
[SourceQuality "1"]

1. c4 e5 2. Nc3 Nf6 3. Nf3 Nc6 4. a3 d6 5. g3 Be7 6. Bg2 0-0 7. 0-0 Be6 8. d3 Qd7 9. Ng5 Bf5 10. e4 Be6 11. Nxe6 Qxe6 12. Nd5 Qd7 13. Qa4 Rfd8 14. Be3 a6 15. Kh1 Ng4 16. Bd2 Nf6 17. Rac1 Rac8 18. Bc3 Re8 19. b4 Nb8 20. Qxd7 Nfxd7 21. Bh3 c6 22. Ne3 Rcd8 23. d4 Bf6 24. d5 Bg5 25. Bd2 Nf6 26. f3 b6 27. Rfd1 c5 28. bxc5 bxc5 29. Rb1 Re7 30. Nf5 Bxd2 31. Nxe7+ Kf8 32. Rxd2 Kxe7 33. Rb7+ Nbd7 34. Rdb2 Ke8 35. Ra7 Rc8 36. Rxa6 Ke7 37. Rb7 h6 38. a4 Rb8 39. Raa7 Rd8 40. a5 Ke8 41. a6 g5 42. Bxd7+ Nxd7 43. Rxd7 1-0

[Event "Rheinhausen-ch 12th"]
[Site "Duisburg Rheinhausen"]
[Date "2008.01.11"]
[Round "1"]
[White "Kirchner, Stefan1111"]
[Black "Visser, Dirk"]
[Result "0-1"]
[WhiteElo "1556"]
[BlackElo "1992"]
[PlyCount "54"]
[EventDate "2008.01.11"]
[EventType "swiss"]
[EventRounds "7"]
[EventCountry "GER"]
[SourceTitle "EXT 2018"]
[Source "ChessBase"]
[SourceDate "2017.10.13"]
[SourceVersion "1"]
[SourceVersionDate "2017.10.13"]
[SourceQuality "1"]

1. e4 d6 2. d4 Nf6 3. Nc3 g6 4. Nf3 Bg7 5. Be3 c6 6. Be2 0-0 7. 0-0 Qc7 8. Re1 Ng4 9. Qd2 Nxe3 10. Qxe3 Nd7 11. Bc4 b5 12. Bb3 b4 13. Ne2 c5 14. c3 a5 15. cxb4 axb4 16. Rac1 Qa7 17. Bd5 Bb7 18. Bc4 cxd4 19. Nfxd4 Nc5 20. f3 Na4 21. Rc2 e5 22. Rd1 exd4 23. Nxd4 Rac8 24. Nf5 Qxe3+ 25. Nxe3 Nxb2 26. Bb3 Nxd1 27. Rxc8 Rxc8 0-1

[Event "Duisburg SBDU-ch"]
[Site "Duisburg Rheinhausen"]
[Date "2007.09.21"]
[Round "2"]
[White "Plueckelmann, Thomas"]
[Black "Visser, Dirk"]
[Result "1/2-1/2"]
[WhiteElo "1699"]
[BlackElo "1981"]
[PlyCount "73"]
[EventDate "2007.09.07"]
[EventType "swiss"]
[EventRounds "7"]
[EventCountry "GER"]
[SourceTitle "EXT 2018"]
[Source "ChessBase"]
[SourceDate "2017.10.13"]
[SourceVersion "1"]
[SourceVersionDate "2017.10.13"]
[SourceQuality "1"]

1. d4 g6 2. e4 Bg7 3. Nc3 d6 4. Be3 c6 5. Qd2 b5 6. a3 a6 7. g3 Nd7 8. Bg2 Qc7 9. Nge2 Bb7 10. 0-0 Ngf6 11. Bh6 0-0 12. Bxg7 Kxg7 13. Rfe1 c5 14. dxc5 Nxc5 15. Nf4 Ncd7 16. Nfd5 Bxd5 17. Nxd5 Nxd5 18. exd5 Nf6 19. h3 Rac8 20. c3 Rfe8 21. a4 Qb7 22. Re2 Rc5 23. axb5 axb5 24. Rae1 Rc7 25. Bf3 Ra8 26. Bg2 Ra4 27. Qd1 Rac4 28. Qd2 b4 29. cxb4 Rxb4 30. Rxe7 Rxe7 31. Rxe7 Rxb2 32. Qe3 Rb1+ 33. Kh2 Qb8 34. Qe6 Qf8 35. Qxd6 Rb7 36. Qxf6+ Kxf6 37. Rxb7 1/2-1/2

[Event "Niederrhein-ch"]
[Site "Krefeld"]
[Date "2007.04.06"]
[Round "8"]
[White "Schott, Detlef"]
[Black "Visser, Dirk"]
[Result "0-1"]
[WhiteElo "1865"]
[BlackElo "2030"]
[PlyCount "100"]
[EventDate "2007.03.30"]
[EventType "swiss"]
[EventRounds "9"]
[EventCountry "GER"]
[SourceTitle "EXT 2010"]
[Source "ChessBase"]
[SourceDate "2010.11.25"]
[SourceVersion "1"]
[SourceVersionDate "2010.11.25"]
[SourceQuality "1"]

1. b4 e5 2. a3 d5 3. Bb2 Bd6 4. e3 Nf6 5. c4 c6 6. d3 0-0 7. Nd2 Re8 8. Ngf3 Nbd7 9. g3 e4 10. dxe4 dxe4 11. Ng5 Be5 12. Ra2 Bxb2 13. Rxb2 h6 14. Nh3 Ne5 15. Rb3 Bg4 16. Qc2 Qd7 17. Ng1 Rad8 18. h3 Be6 19. Be2 b5 20. Rb1 Nd3+ 21. Kf1 Nxf2 22. Kxf2 Qxd2 23. Qxd2 Rxd2 24. cxb5 cxb5 25. Ke1 Red8 26. Bxb5 Ra2 27. a4 Nd5 28. Ne2 Nxe3 29. Nc3 Rg2 30. Ne2 g5 31. h4 Bg4 32. hxg5 hxg5 33. Rc1 Bf3 34. Rh6 Bxe2 35. Bxe2 Rg1+ 36. Kf2 Rxc1 37. Kxe3 Rb1 38. b5 Rb3+ 39. Kf2 Rd2 40. Rh1 Ra3 41. a5 Rxa5 42. Ke3 Rc2 43. Rb1 Ra3+ 44. Kf2 e3+ 45. Kf1 Raa2 46. Bd3 Rh2 47. Be4 Kg7 48. g4 Rhb2 49. Re1 Rxb5 50. Rxe3 Re5 0-1

[Event "Niederrhein-ch"]
[Site "Krefeld"]
[Date "2007.03.31"]
[Round "2"]
[White "Visser, Dirk"]
[Black "Vogel, Christian"]
[Result "1/2-1/2"]
[WhiteElo "2030"]
[BlackElo "2102"]
[PlyCount "51"]
[EventDate "2007.03.30"]
[EventType "swiss"]
[EventRounds "9"]
[EventCountry "GER"]
[SourceTitle "EXT 2010"]
[Source "ChessBase"]
[SourceDate "2010.11.25"]
[SourceVersion "1"]
[SourceVersionDate "2010.11.25"]
[SourceQuality "1"]

1. c4 Nf6 2. Nf3 g6 3. Nc3 Bg7 4. g3 0-0 5. Bg2 d5 6. cxd5 Nxd5 7. 0-0 Nb6 8. d3 c6 9. Be3 h6 10. a4 Na6 11. a5 Nd5 12. Nxd5 cxd5 13. d4 b6 14. Qd2 Kh7 15. b4 Nc7 16. axb6 axb6 17. Rxa8 Nxa8 18. Rc1 Nc7 19. Ne5 Bb7 20. h4 Ne6 21. h5 Qd6 22. hxg6+ fxg6 23. Nf3 Ba6 24. Nh4 Bc4 25. Bh3 Ra8 26. Rc2 1/2-1/2

[Event "Niederrhein-ch"]
[Site "Niederrhein"]
[Date "2005.03.26"]
[Round "9"]
[White "Visser, Dirk"]
[Black "Ruprecht, Thomas"]
[Result "1-0"]
[WhiteElo "2115"]
[BlackElo "1985"]
[PlyCount "73"]
[EventDate "2005.03.18"]
[EventType "swiss"]
[EventRounds "9"]
[EventCountry "GER"]
[SourceTitle "CBM 105 Extra"]
[Source "ChessBase"]
[SourceDate "2005.05.01"]
[SourceVersion "1"]
[SourceVersionDate "2005.05.01"]
[SourceQuality "1"]

1. c4 Nf6 2. Nf3 c6 3. d4 d5 4. e3 g6 5. Nc3 Bg7 6. h3 0-0 7. Bd3 Nbd7 8. cxd5 Nxd5 9. 0-0 e5 10. Qb3 Nxc3 11. bxc3 Nb6 12. Rd1 Be6 13. Qc2 exd4 14. cxd4 Re8 15. Rb1 Qd5 16. e4 Qxa2 17. Qc3 Bc4 18. Rd2 Qa6 19. Ra1 Bxd3 20. Rxa6 Bxa6 21. Qc2 Nc4 22. Rd1 Nd6 23. Re1 Nc4 24. Bf4 Bb5 25. e5 a5 26. Qa2 Ba6 27. Nd2 Nxd2 28. Bxd2 b6 29. e6 f5 30. e7+ Kh8 31. d5 cxd5 32. Qxd5 Ra7 33. Qd8 Ra8 34. Qxa8 Rxa8 35. e8Q+ Rxe8 36. Rxe8+ Bf8 37. Rxf8+ 1-0

[Event "Niederrhein-ch"]
[Site "Niederrhein"]
[Date "2005.03.22"]
[Round "5"]
[White "Visser, Dirk"]
[Black "Modlinski, Tobias"]
[Result "1-0"]
[WhiteElo "2115"]
[BlackElo "1910"]
[PlyCount "39"]
[EventDate "2005.03.18"]
[EventType "swiss"]
[EventRounds "9"]
[EventCountry "GER"]
[SourceTitle "CBM 105 Extra"]
[Source "ChessBase"]
[SourceDate "2005.05.01"]
[SourceVersion "1"]
[SourceVersionDate "2005.05.01"]
[SourceQuality "1"]

1. c4 Nf6 2. Nf3 c5 3. Nc3 d5 4. cxd5 Nxd5 5. d4 Nxc3 6. bxc3 g6 7. e3 Bg7 8. Bb5+ Nd7 9. 0-0 0-0 10. a4 Nf6 11. Ba3 a6 12. Be2 cxd4 13. cxd4 Re8 14. Rb1 Rb8 15. Bxa6 Ne4 16. Bc4 e6 17. Qc2 Nd6 18. Bd3 Bf8 19. Ne5 Kg7 20. Nc6 1-0

[Event "Rheinhausen op"]
[Site "Duisburg"]
[Date "2005.01.28"]
[Round "3"]
[White "Schwarz, Ingo"]
[Black "Visser, Dirk"]
[Result "0-1"]
[WhiteElo "1789"]
[BlackElo "2097"]
[PlyCount "80"]
[EventDate "2005.01.07"]
[EventType "swiss"]
[EventRounds "7"]
[EventCountry "GER"]
[SourceTitle "EXT 2006"]
[Source "ChessBase"]
[SourceDate "2005.11.24"]
[SourceVersion "1"]
[SourceVersionDate "2005.11.24"]
[SourceQuality "1"]

1. g3 g6 2. Bg2 Bg7 3. f3 d6 4. Nh3 Nf6 5. Nf2 c5 6. d3 Nc6 7. c3 0-0 8. 0-0 e5 9. e4 d5 10. Bg5 Be6 11. Nd2 h6 12. Bxf6 Qxf6 13. f4 dxe4 14. fxe5 Nxe5 15. Ndxe4 Qe7 16. Qc2 Rac8 17. Rae1 b6 18. Nd2 Rfd8 19. Nf3 Nc6 20. Bh3 Rd6 21. Bxe6 Rxe6 22. Qb1 Rd8 23. Rxe6 Qxe6 24. Re1 Qd5 25. Re3 h5 26. Ne1 Bh6 27. Re2 Ne5 28. Qd1 Kg7 29. b3 Nf3+ 30. Nxf3 Qxf3 31. Rd2 Qf6 32. Rc2 Be3 33. Qf1 Rd5 34. Kg2 Rg5 35. c4 Qc6+ 36. Kg1 h4 37. Re2 Bd4 38. Qg2 Qf6 39. g4 h3 40. Qf1 Rxg4+ 0-1